[Event "Voronezh op-A 22nd"]
[Site "Voronezh"]
[Date "2018.06.12"]
[Round "1"]
[White "Tatarintsev, Egor"]
[Black "Nozdrachev, Leonid"]
[Result "0-1"]
[WhiteElo "2125"]
[BlackElo "2400"]
[PlyCount "80"]
[EventDate "2018.06.12"]
[EventType "swiss"]
[EventRounds "9"]
[EventCountry "RUS"]
[SourceTitle "CBM 185 Extra"]
[Source "ChessBase"]
[SourceDate "2018.07.29"]
[SourceVersion "1"]
[SourceVersionDate "2018.07.29"]
[SourceQuality "1"]

1. e4 e5 2. Nf3 Nc6 3. Bb5 a6 4. Bxc6 dxc6 5. 0-0 Bg4 6. h3 Bh5 7. d3 f6 8. Nbd2 Bd6 9. Re1 Ne7 10. Nf1 Qd7 11. Be3 0-0-0 12. c3 Qe8 13. Ng3 Bg6 14. Nh4 Kb8 15. Qf3 c5 16. Nhf5 Nxf5 17. exf5 Bf7 18. Ne4 Qc6 19. Rad1 c4 20. Nxd6 Qxf3 21. gxf3 Rxd6 22. dxc4 Bxc4 23. f4 Bxa2 24. fxe5 fxe5 25. Rxd6 cxd6 26. f4 Kc7 27. Bf2 exf4 28. Re7+ Kc6 29. Rxg7 Rf8 30. Rxh7 Rg8+ 31. Kf1 Bc4+ 32. Ke1 Re8+ 33. Kd1 f3 34. b4 Re2 35. f6 Bb3+ 36. Kc1 Rxf2 37. f7 Rc2+ 38. Kb1 Bxf7 39. Rxf7 Rxc3 40. h4 Rb3+ 0-1

[Event "Zalakaros op 37th"]
[Site "Zalakaros"]
[Date "2018.05.29"]
[Round "5"]
[White "Peczely, Sebastian Zsombor"]
[Black "Tatarintsev, Egor"]
[Result "1-0"]
[WhiteElo "2244"]
[BlackElo "2125"]
[PlyCount "81"]
[EventDate "2018.05.25"]
[EventType "swiss"]
[EventRounds "9"]
[EventCountry "HUN"]
[SourceTitle "EXT 2019"]
[Source "ChessBase"]
[SourceDate "2018.10.10"]
[SourceVersion "1"]
[SourceVersionDate "2018.10.10"]
[SourceQuality "1"]

1. d4 e6 2. Nc3 d5 3. Bf4 Bd6 4. Bxd6 cxd6 5. Qd2 Bd7 6. e3 Nf6 7. f3 Nc6 8. g4 Qb6 9. g5 Ng8 10. 0-0-0 0-0-0 11. Nge2 Nge7 12. Ng3 h6 13. Nb5 Be8 14. gxh6 Rxh6 15. e4 a6 16. Nc3 dxe4 17. fxe4 e5 18. d5 Nd4 19. Qg5 Ng6 20. Nf5 Nxf5 21. exf5 f6 22. Qg3 Ne7 23. Bd3 Rh7 24. Rde1 Bf7 25. Be4 Kb8 26. Kb1 Rg8 27. a3 g6 28. fxg6 Bxg6 29. Bxg6 Rxg6 30. Qf3 f5 31. h4 e4 32. Qe2 Rg3 33. Qd2 Ng6 34. Na4 Qb5 35. Rhg1 Rxg1 36. Rxg1 Qxa4 37. Rxg6 Rxh4 38. Rg8+ Kc7 39. Qc3+ Kb6 40. Rc8 Qd7 41. Qd4+ 1-0

[Event "Zalakaros op 37th"]
[Site "Zalakaros"]
[Date "2018.05.26"]
[Round "2"]
[White "Tatarintsev, Egor"]
[Black "Srinath, Rao SV"]
[Result "0-1"]
[WhiteElo "2125"]
[BlackElo "2363"]
[PlyCount "100"]
[EventDate "2018.05.25"]
[EventType "swiss"]
[EventRounds "9"]
[EventCountry "HUN"]
[SourceTitle "CBM 184 Extra"]
[Source "ChessBase"]
[SourceDate "2018.06.28"]
[SourceVersion "1"]
[SourceVersionDate "2018.06.28"]
[SourceQuality "1"]

1. d4 Nf6 2. c4 g6 3. Nc3 Bg7 4. e4 d6 5. f4 0-0 6. Nf3 c5 7. d5 e6 8. Be2 exd5 9. cxd5 Nbd7 10. e5 dxe5 11. fxe5 Ng4 12. e6 Nde5 13. Nxe5 Nxe5 14. 0-0 fxe6 15. d6 Rxf1+ 16. Bxf1 Nf7 17. Be3 b6 18. Qf3 Rb8 19. Rd1 Bb7 20. Qg4 Qd7 21. Bb5 Bc6 22. Bxc6 Qxc6 23. Qxe6 Re8 24. Qc4 Rxe3 25. d7 Re6 26. d8Q+ Nxd8 27. Rxd8+ Kf7 28. Nb5 Be5 29. Nxa7 Qc7 30. Qd5 Bd4+ 31. Kf1 Qxh2 32. Rd7+ Kf6 33. Qf3+ Kg5 34. Rd5+ Kh6 35. Qh3+ Qxh3 36. gxh3 Bxb2 37. Rd2 Bf6 38. a4 c4 39. Kf2 c3 40. Rc2 Re4 41. Nc8 Rxa4 42. Nxb6 Bd4+ 43. Kg3 Bxb6 44. Rxc3 Kg5 45. Rd3 Bc7+ 46. Kf3 Rf4+ 47. Kg2 h5 48. Rg3+ Rg4 49. hxg4 Bxg3 50. gxh5 Kxh5 0-1

[Event "Prague op 17th"]
[Site "Prague"]
[Date "2018.01.17"]
[Round "7"]
[White "Tatarintsev, Egor"]
[Black "Certek, Pavel"]
[Result "1-0"]
[WhiteElo "2100"]
[BlackElo "2286"]
[PlyCount "107"]
[EventDate "2018.01.12"]
[EventType "swiss"]
[EventRounds "9"]
[EventCountry "CZE"]
[SourceTitle "CBM 182 Extra"]
[Source "ChessBase"]
[SourceDate "2018.02.23"]
[SourceVersion "1"]
[SourceVersionDate "2018.02.23"]
[SourceQuality "1"]

1. e4 c5 2. c3 g6 3. d4 cxd4 4. cxd4 d5 5. exd5 Nf6 6. Qa4+ Nbd7 7. Nc3 Bg7 8. d6 0-0 9. Be2 Nb6 10. Qa3 Qxd6 11. Qxd6 exd6 12. Bf3 d5 13. Nge2 Bd7 14. Bf4 Bc6 15. 0-0-0 Rac8 16. Kb1 Rfe8 17. Be5 Rcd8 18. Nf4 g5 19. Bxf6 Bxf6 20. Nh5 Bh8 21. h4 h6 22. hxg5 hxg5 23. Ng3 Re6 24. Rh5 Rg6 25. Bg4 Bd7 26. Bxd7 Rxd7 27. Re1 Rd8 28. Nf5 Bf6 29. g4 Kf8 30. Kc2 Na8 31. Nb5 a6 32. Nbd6 b6 33. Rh7 Bg7 34. Nxf7 Rd7 35. Nxg7 Kg8 36. Nxg5 Rxg5 37. Ne6 Kxh7 38. Nxg5+ Kg6 39. Nf3 Kf6 40. Re5 Nc7 41. Rf5+ Kg7 42. Ne5 Re7 43. Kd3 Nb5 44. f4 Nd6 45. Rg5+ Kh7 46. Rg6 Nc4 47. f5 Nxb2+ 48. Kc3 Na4+ 49. Kb3 b5 50. Rxa6 Rc7 51. Rc6 Rb7 52. Kb4 Nb2 53. Rd6 Ra7 54. Rd7+ 1-0

[Event "Budapest FS05 FM"]
[Site "Budapest"]
[Date "2016.05.11"]
[Round "5"]
[White "Tatarintsev, Egor"]
[Black "Torok, Tamas Titusz"]
[Result "1-0"]
[WhiteElo "2021"]
[BlackElo "2073"]
[PlyCount "93"]
[EventDate "2016.05.07"]
[EventType "tourn"]
[EventRounds "10"]
[EventCountry "HUN"]
[SourceTitle "CBM 172 Extra"]
[Source "ChessBase"]
[SourceDate "2016.06.21"]
[SourceVersion "1"]
[SourceVersionDate "2016.06.21"]
[SourceQuality "1"]

1. e4 e5 2. Nf3 Nc6 3. Bb5 Nd4 4. Nxd4 exd4 5. 0-0 Bc5 6. d3 c6 7. Bc4 d5 8. Bb3 Ne7 9. Nd2 0-0 10. f4 f5 11. e5 Be6 12. Kh1 Bb6 13. c3 c5 14. cxd4 cxd4 15. Nf3 h6 16. Bd2 Nc6 17. Qe1 a5 18. Ba4 Qe7 19. a3 Bd7 20. Rc1 Nd8 21. Qd1 Ne6 22. Qb3 Ra6 23. Bb5 Bxb5 24. Qxb5 Rd8 25. g3 Kh7 26. Kg2 Nc7 27. Qa4 Ne6 28. Rc2 Qe8 29. Qxe8 Rxe8 30. h4 h5 31. b4 axb4 32. Bxb4 Ba5 33. Rb1 Bxb4 34. Rxb4 Rxa3 35. Rb6 Kg8 36. Rxe6 Rxe6 37. Rc8+ Kf7 38. Ng5+ Kg6 39. Nxe6 Rxd3 40. Nf8+ Kf7 41. Nh7 Rc3 42. Rd8 Rc5 43. Rd7+ Ke8 44. Rxb7 d3 45. Kf2 d4 46. Ke1 Rc2 47. Rxg7 1-0

[Event "Budapest FS05 FM"]
[Site "Budapest"]
[Date "2016.05.08"]
[Round "2"]
[White "Tatarintsev, Egor"]
[Black "Vlasova, Zlata"]
[Result "1-0"]
[WhiteElo "2021"]
[BlackElo "1835"]
[PlyCount "79"]
[EventDate "2016.05.07"]
[EventType "tourn"]
[EventRounds "10"]
[EventCountry "HUN"]
[SourceTitle "CBM 172 Extra"]
[Source "ChessBase"]
[SourceDate "2016.06.21"]
[SourceVersion "1"]
[SourceVersionDate "2016.06.21"]
[SourceQuality "1"]

1. e4 c5 2. c3 e6 3. d4 d5 4. e5 Nc6 5. Nf3 Qb6 6. a3 c4 7. Nbd2 Na5 8. g3 Bd7 9. Bg2 Be7 10. 0-0 Nh6 11. Ne1 Nf5 12. Nc2 Ba4 13. Re1 h5 14. h4 Nb3 15. Nxb3 Qxb3 16. Re2 a5 17. Qe1 Qb5 18. Ne3 Nxe3 19. fxe3 Qd7 20. e4 Bc6 21. Rf2 b5 22. Qf1 Bf8 23. exd5 Bxd5 24. Bxd5 exd5 25. Bg5 Qe6 26. Qg2 Ra7 27. Raf1 a4 28. Rf5 Rd7 29. Qf3 Ra7 30. Kh2 Rd7 31. Be3 g6 32. Rf6 Qg4 33. Qf2 Rh7 34. e6 Re7 35. Bg5 Bh6 36. Rxf7 Rexf7 37. exf7+ Kf8 38. Bxh6+ Rxh6 39. Re1 Qd7 40. Re8+ 1-0